Statistiques concernant Candidats du centre au second tour des présidentielles 5ème république

Cliquez ici pour prendre le quiz!

Statistiques générales

  • Ce quiz a été pris 87 fois
  • Le résultat moyen est 4 sur 5

Statistiques - réponses

ÉlectionCandidat% Correct
2017Emmanuel Macron
100%
2022Emmanuel Macron
100%
1981Valéry Giscard d'Estaing
82%
1974Valéry Giscard d'Estaing
82%
1969Alain Poher
55%

Distribution des résultats

Percentile par nombre de réponses

% des personnes avec chaque résultat

Votre développement - résultats

Vous n’avez pas pris ce quiz